Fundamentals of physics. -- 8th ed. (Record no. 44194)

MARC details
000 -LEADER
fixed length control field 00636nam a2200181 a 4500
008 - FIXED-LENGTH DATA ELEMENTS--GENERAL INFORMATION
fixed length control field 100803s2008 ||||||||||||||||| || u
020 ## - INTERNATIONAL STANDARD BOOK NUMBER
International Standard Book Number 9780471758013
050 ## - LIBRARY OF CONGRESS CALL NUMBER
Classification number QC 21.3 Wal
100 ## - MAIN ENTRY--PERSONAL NAME
Personal name Walker, Jearl
245 10 - TITLE STATEMENT
Title Fundamentals of physics. -- 8th ed.
250 ## - EDITION STATEMENT
Edition statement 8th ed.
260 ## - PUBLICATION, DISTRIBUTION, ETC.
Place of publication, distribution, etc. Hoboken, New Jersey:
Name of publisher, distributor, etc. John Wiley and Sons
Date of publication, distribution, etc. 2008
300 ## - PHYSICAL DESCRIPTION
Extent xxii, 1056p.: ill.
350 ## - PRICE (NR) (BK AM CF MU VM SE) [OBSOLETE]
Price 0.00
650 #7 - SUBJECT ADDED ENTRY--TOPICAL TERM
Topical term or geographic name entry element SCIENCE
Source of heading or term fast
650 ## - SUBJECT ADDED ENTRY--TOPICAL TERM
Topical term or geographic name entry element PHYSICS--TEXTBOOKS
995 ## - RECOMMENDATION 995 [LOCAL, UNIMARC FRANCE]
-- 0.00
-- CBU-MAIN LIBRARY (Kitwe)
-- 1
-- 0.00
-- 1
-- AVAILABLE
-- Aug 17, 2010
-- Main Library Open Access Collection
Holdings
Withdrawn status Lost status Source of classification or shelving scheme Damaged status Not for loan Home library Current library Shelving location Date acquired Total Checkouts Full call number Barcode Date last seen Price effective from Koha item type
          CBU-MAIN LIBRARY, KITWE. CBU-MAIN LIBRARY, KITWE.   11/30/2022   QC 21.3 Wal 741516 11/30/2022 11/30/2022 MONOGRAPH